[Event "4NCL/Div1/WGR2 vs. AD1"]
[Site "West Bromwich ENG"]
[Date "2004.09.18"]
[Round "1.5"]
[White "Pert, Richard G"]
[Black "Snape, Ian"]
[Result "1-0"]
[WhiteElo "2407"]
[BlackElo "2228"]
[PlyCount "75"]
[EventDate "2004.09.18"]
[SourceDate "2004.09.21"]

1. d4 Nf6 2. Bg5 Ne4 3. Bf4 c5 4. f3 Qa5+ 5. c3 Nf6 6. Nd2 cxd4 7. Nb3 Qd8 8.
cxd4 d5 9. e3 e6 10. Rc1 Nc6 11. Bb5 Bd7 12. g4 Qb6 13. Bd3 Nb4 14. Bb1 Bd6 15.
Bxd6 Qxd6 16. Nc5 b6 17. Nxd7 Nxd7 18. Ne2 Ke7 19. a3 Nc6 20. O-O b5 21. e4 Nb6
22. e5 Qd7 23. f4 Nc4 24. Qe1 a5 25. f5 Raf8 26. b3 Nxa3 27. Bd3 Nb4 28. f6+
gxf6 29. exf6+ Kd8 30. Qg3 Nc6 31. Rc5 h5 32. Rfc1 Nc4 33. bxc4 dxc4 34. Be4 h4
35. Qf4 e5 36. dxe5 Nd4 37. Nxd4 Qxd4+ 38. Qf2 1-0

[Event "4NCL/Div1/WGR2 vs. AD1"]
[Site "West Bromwich ENG"]
[Date "2004.09.18"]
[Round "1.6"]
[White "Wheeler, Darren P"]
[Black "Tiller, Bjorn"]
[Result "1-0"]
[WhiteElo "2239"]
[BlackElo "2390"]
[PlyCount "103"]
[EventDate "2004.09.18"]
[SourceDate "2004.09.21"]

1. e4 g6 2. d4 Bg7 3. c4 d6 4. Nc3 e5 5. d5 f5 6. exf5 gxf5 7. Qh5+ Kf8 8. Nge2
Na6 9. Ng3 Nf6 10. Qh4 Nb4 11. Kd1 Bd7 12. f3 Qe7 13. Qg5 h6 14. Qg6 Qe8 15.
Qxe8+ Rxe8 16. a3 Na6 17. Bd3 e4 18. fxe4 Nc5 19. Bc2 fxe4 20. h3 h5 21. Rf1
Kg8 22. Be3 Nd3 23. Bxd3 exd3 24. Kd2 h4 25. Nf5 Bxf5 26. Rxf5 Nd7 27. Re1 Ne5
28. b3 Bh6 29. Nd1 Rh7 30. Bxh6 Rxh6 31. Rg5+ Kf7 32. Nf2 Kf6 33. Rgxe5 dxe5
34. Ng4+ Kg5 35. Nxh6 Kxh6 36. Kxd3 Kg5 37. Rf1 e4+ 38. Ke3 Kh5 39. Rf4 Rg8 40.
Rf5+ Kh6 41. Rf7 Rxg2 42. Rxc7 Rg3+ 43. Kxe4 Rxh3 44. d6 Rh1 45. d7 Rd1 46.
Rxb7 Kg6 47. Kf3 h3 48. Kg3 Rd3+ 49. Kh2 Kf5 50. c5 a5 51. c6 Kg4 52. Rb8 1-0

[Event "4NCL/Div1/WGR2 vs. AD1"]
[Site "West Bromwich ENG"]
[Date "2004.09.18"]
[Round "1.7"]
[White "Law, Andrew P"]
[Black "Anderton, David"]
[Result "1/2-1/2"]
[WhiteElo "2317"]
[BlackElo "2252"]
[PlyCount "49"]
[EventDate "2004.09.18"]
[SourceDate "2004.09.21"]

1. Nf3 f5 2. d3 d6 3. e4 e5 4. Nc3 Nf6 5. exf5 Bxf5 6. d4 e4 7. Nh4 Bg4 8. Be2
Bxe2 9. Qxe2 d5 10. Bg5 Bb4 11. Qb5+ Nc6 12. Qxb7 Nxd4 13. Bxf6 gxf6 14. O-O
Bxc3 15. bxc3 Ne2+ 16. Kh1 O-O 17. c4 Nc3 18. cxd5 Qxd5 19. Qb4 Qe5 20. f4 Qh5
21. Qxc3 Qxh4 22. Qc4+ Kh8 23. Qxe4 Rae8 24. Qf3 Re7 25. g3 1/2-1/2

[Event "4NCL/Div1/WGR2 vs. AD1"]
[Site "West Bromwich ENG"]
[Date "2004.09.18"]
[Round "1.8"]
[White "Bellin, Jana"]
[Black "McDonald, Neil"]
[Result "1/2-1/2"]
[WhiteElo "2184"]
[BlackElo "2380"]
[PlyCount "43"]
[EventDate "2004.09.18"]
[SourceDate "2004.09.21"]

1. d4 Nf6 2. Nf3 c5 3. e3 b6 4. Bd3 Ba6 5. c4 g6 6. Nc3 Bg7 7. d5 O-O 8. e4 d6
9. O-O e5 10. Bg5 h6 11. Bd2 Nbd7 12. Ne1 Nh5 13. g3 Ndf6 14. f4 Kh7 15. f5 Ng8
16. Ng2 Bf6 17. Ne3 Bg5 18. Qa4 Bc8 19. Qc6 Ba6 20. Qa4 Bc8 21. Qc6 Ba6 22. Qa4
1/2-1/2

[Event "4NCL/Div1/NWE1 vs. BAR1"]
[Site "West Bromwich ENG"]
[Date "2004.09.18"]
[Round "1.1"]
[White "Haslinger, Stewart"]
[Black "Palliser, Richard"]
[Result "1-0"]
[WhiteElo "2408"]
[BlackElo "2411"]
[PlyCount "149"]
[EventDate "2004.09.18"]
[SourceDate "2004.09.21"]

1. e4 c5 2. Nf3 d6 3. d4 cxd4 4. Nxd4 Nf6 5. Nc3 a6 6. Be2 e5 7. Nb3 Be7 8. Be3
Be6 9. Nd5 Nbd7 10. Qd3 O-O 11. c4 b5 12. cxb5 axb5 13. O-O Bxd5 14. exd5 b4
15. Rfc1 Nb6 16. Bd2 e4 17. Qd4 Nbxd5 18. Bb5 Nc7 19. Bc6 Ne6 20. Qe3 {(=)} d5
21. Bxa8 Qxa8 22. Qb6 Ng4 23. Rc6 Bd8 24. Qb5 Qa7 25. Rf1 Nxf2 26. Rxf2 e3 27.
Bxe3 Qxe3 28. Qe2 Bb6 29. Qxe3 Bxe3 30. Kf1 Bxf2 31. Kxf2 Ra8 32. Nc1 {(=)} h5
33. g3 Kh7 34. h4 Kg6 35. Rb6 Rc8 36. Nd3 Rc2+ 37. Kf3 Kf5 38. Rxb4 Rd2 39. Ke3
Rg2 40. Kf3 Rd2 41. Nf4 Nxf4 42. Rxf4+ Ke6 43. Rb4 Kd6 44. a4 Kc5 45. Rb3 Rd4
46. a5 Ra4 47. Ra3 Rb4 48. a6 Rb8 49. a7 Ra8 50. Ra4 f6 51. Kf4 Kb5 52. b3 g6
53. Ke3 Kc5 54. Kd3 g5 55. Ra5+ Kb4 56. Rxd5 gxh4 {(=)} 57. gxh4 Rxa7 58. Rxh5
Kxb3 59. Rb5+ Ka4 60. Rf5 Rh7 61. h5 Kb4 62. Kd4 Rd7+ 63. Ke4 Rd1 64. h6 Rh1
65. Rxf6 Kc5 66. Kf5 Kd5 67. Kg6 Rg1+ 68. Kf7 Ke5 69. Ra6 Rf1+ 70. Kg7 Rb1 71.
h7 Rb7+ 72. Kg6 Rb8 73. Ra7 Ke6 74. Kg7 Rb1 75. h8=Q 1-0

[Event "4NCL/Div1/NWE1 vs. BAR1"]
[Site "West Bromwich ENG"]
[Date "2004.09.18"]
[Round "1.2"]
[White "Knott, Simon"]
[Black "Trent, Lawrence"]
[Result "1/2-1/2"]
[WhiteElo "2359"]
[BlackElo "2400"]
[PlyCount "21"]
[EventDate "2004.09.18"]
[SourceDate "2004.09.21"]

1. Nf3 Nf6 2. c4 g6 3. Nc3 d6 4. d4 Bg7 5. e4 O-O 6. Be2 e5 7. O-O a5 8. Be3
Ng4 9. Bg5 f6 10. Bc1 Nc6 11. d5 1/2-1/2

[Event "4NCL/Div1/NWE1 vs. BAR1"]
[Site "West Bromwich ENG"]
[Date "2004.09.18"]
[Round "1.3"]
[White "Hanley, Craig A"]
[Black "Collins, Sam"]
[Result "0-1"]
[WhiteElo "2356"]
[BlackElo "2387"]
[PlyCount "96"]
[EventDate "2004.09.18"]
[SourceDate "2004.09.21"]

1. Nf3 Nf6 2. c4 e6 3. b3 d5 4. Bb2 c5 5. e3 Nc6 6. cxd5 exd5 7. Bb5 Bd6 8. O-O
O-O 9. d4 cxd4 10. Nxd4 Ne5 11. Nd2 Ne4 12. N2f3 Ng4 13. h3 Ngf6 14. Rc1 Qe7
15. Rc2 a6 16. Bd3 Bd7 17. Qb1 Rad8 18. Rd1 Rfe8 19. Bf1 h6 20. Ne1 Nxf2 21.
Rxf2 Qxe3 22. Ndc2 Bh2+ 23. Kxh2 Qxf2 24. Nd3 Qf5 25. Bd4 Ne4 26. Qb2 Qg6 27.
Nf2 Bf5 28. Ne3 Qg3+ 29. Kg1 Ng5 30. Qe2 Nxh3+ 31. Nxh3 Bxh3 32. Rd3 Qg6 33.
Qf3 Be6 34. Rd2 h5 35. Bd3 Qg5 36. Rf2 Rd7 37. Qe2 Bg4 38. Qd2 Rde7 39. Nxg4
Re1+ 40. Bf1 Qxg4 41. Rf4 Qg5 42. Qf2 R8e2 43. Qf3 Rxa2 44. Bf2 Rd1 45. Qe3
Raa1 46. Qe8+ Kh7 47. Be3 d4 48. Qe4+ f5 0-1

[Event "4NCL/Div1/NWE1 vs. BAR1"]
[Site "West Bromwich ENG"]
[Date "2004.09.18"]
[Round "1.4"]
[White "Collinson, Adam"]
[Black "Quillan, Gary"]
[Result "1/2-1/2"]
[WhiteElo "2385"]
[BlackElo "2323"]
[PlyCount "43"]
[EventDate "2004.09.18"]
[SourceDate "2004.09.21"]

1. e4 e6 2. d4 d5 3. Nd2 Nf6 4. e5 Nfd7 5. Bd3 c5 6. c3 Nc6 7. Ne2 cxd4 8. cxd4
f6 9. exf6 Nxf6 10. Nf3 Bd6 11. O-O Qc7 12. Bg5 O-O 13. Bh4 Nh5 14. Qc2 h6 15.
Bh7+ Kh8 16. Bg6 Rxf3 17. Bxh5 Rf8 18. Bg3 Bd7 19. Rad1 Bxg3 20. hxg3 Rf6 21.
Nc3 Be8 22. Bxe8 1/2-1/2

[Event "4NCL/Div1/NWE1 vs. BAR1"]
[Site "West Bromwich ENG"]
[Date "2004.09.18"]
[Round "1.5"]
[White "Littlewood, John E"]
[Black "Devereaux, Maxim"]
[Result "1/2-1/2"]
[WhiteElo "2308"]
[BlackElo "2331"]
[PlyCount "62"]
[EventDate "2004.09.18"]
[SourceDate "2004.09.21"]

1. e4 c5 2. c3 g6 3. d4 cxd4 4. cxd4 d5 5. exd5 Nf6 6. Nc3 Bg7 7. Bc4 Nbd7 8.
Nf3 O-O 9. O-O Nb6 10. Bb3 Nbxd5 11. Re1 Bg4 12. h3 Bxf3 13. Qxf3 e6 14. Bg5
Qa5 15. Re5 Nd7 16. Nxd5 Nxe5 17. Ne7+ Kh8 18. dxe5 Qxe5 19. Bh4 a5 20. Rb1 a4
21. Bc2 Qd4 22. Be4 Ra5 23. g4 f5 24. Bxb7 fxg4 25. Qxg4 Qxg4+ 26. hxg4 g5 27.
Bg3 Ra7 28. Be4 Rxe7 29. Bd6 Ref7 30. Bxf8 Rxf8 31. Kg2 Rd8 1/2-1/2

[Event "4NCL/Div1/NWE1 vs. BAR1"]
[Site "West Bromwich ENG"]
[Date "2004.09.18"]
[Round "1.6"]
[White "Taylor, Martin R"]
[Black "Lund, D Brett"]
[Result "1/2-1/2"]
[WhiteElo "2331"]
[BlackElo "2212"]
[PlyCount "98"]
[EventDate "2004.09.18"]
[SourceDate "2004.09.21"]

1. d4 c5 2. d5 e6 3. c4 exd5 4. cxd5 d6 5. Nc3 g6 6. Nf3 Nf6 7. Nd2 Nbd7 8. g3
Bg7 9. Bg2 O-O 10. O-O Nh5 11. Nde4 Ndf6 12. Bg5 h6 13. Nxf6+ Nxf6 14. Bd2 a6
15. a4 Rb8 16. a5 b5 17. axb6 Qxb6 18. Ra2 Ng4 19. Qc2 Rb7 20. Rfa1 Re7 21. Bf1
c4 22. Nd1 Qd4 23. Ra5 Qe5 24. f3 Nxh2 25. Kxh2 Qh5+ 26. Kg1 Bd4+ 27. e3 Qxf3
28. Be1 Bb6 29. Bg2 Qh5 30. R5a4 Bg4 31. Bf2 Be2 32. Rxa6 Bc5 33. Ra8 Rfe8 34.
Rxe8+ Rxe8 35. Qd2 Re5 {(=)} 36. Nc3 Bf3 37. e4 Rg5 38. Ra8+ Kh7 39. Bd4 f6 40.
Bxc5 Rxg3 41. Bxd6 Rg5 42. Qf2 Rxg2+ 43. Qxg2 Bxg2 44. Kxg2 Qg5+ 45. Kf3 Qd2
46. Ra7+ Kg8 47. Rc7 Qd3+ 48. Kf2 Qc2+ 49. Kf3 Qd3+ 1/2-1/2

[Event "4NCL/Div1/NWE1 vs. BAR1"]
[Site "West Bromwich ENG"]
[Date "2004.09.18"]
[Round "1.7"]
[White "Charleshouse, Glenn L"]
[Black "Rogers, Jonathan W"]
[Result "1-0"]
[WhiteElo "2267"]
[BlackElo "2340"]
[PlyCount "81"]
[EventDate "2004.09.18"]
[SourceDate "2004.09.21"]

1. e3 Nf6 2. b3 e5 3. c4 g6 4. Bb2 d6 5. Nf3 Bg7 6. d3 O-O 7. Be2 a6 8. O-O Re8
9. Nc3 Nc6 10. a3 h6 11. Qc2 Be6 12. b4 d5 13. cxd5 Nxd5 14. Rfe1 Nxc3 15. Bxc3
Qe7 16. Qb2 Bf5 17. Nd2 Rad8 18. Ne4 Bc8 19. Rac1 f5 20. Nd2 Nd4 21. Bxd4 exd4
22. e4 Kh8 23. exf5 Bxf5 24. Ne4 Bxe4 25. Bf3 Bxd3 26. Rxe7 Rxe7 27. Qd2 Bb5
28. h4 Rde8 29. h5 g5 30. Kh2 b6 31. Qd1 Bd7 32. Qd3 g4 33. Bc6 Bxc6 {(=)} 34.
Rxc6 Rf8 35. Rc2 Re5 36. Rxc7 Rxh5+ 37. Kg1 Re8 38. g3 Rg5 39. Qxa6 Re1+ 40.
Kg2 Ra1 41. Rc8+ 1-0

[Event "4NCL/Div1/NWE1 vs. BAR1"]
[Site "West Bromwich ENG"]
[Date "2004.09.18"]
[Round "1.8"]
[White "Lauterbach, Ingrid"]
[Black "Milligan, Helen"]
[Result "1-0"]
[WhiteElo "2166"]
[BlackElo "2077"]
[PlyCount "61"]
[EventDate "2004.09.18"]
[SourceDate "2004.09.21"]

1. d4 Nf6 2. c4 e6 3. Nf3 b6 4. a3 Bb7 5. Nc3 d5 6. cxd5 Nxd5 7. Qc2 Bd6 8. e4
Nxc3 9. bxc3 Nd7 10. Bd3 e5 11. Bg5 f6 12. Be3 O-O 13. O-O Qe7 14. Nd2 c5 15.
Qb3+ Kh8 16. d5 Rfe8 17. a4 c4 18. Bxc4 Bc5 19. Rfe1 Bxe3 20. Rxe3 Nc5 21. Qd1
Bc8 22. Bb5 Bd7 23. c4 a5 24. Nb3 Red8 25. d6 Qe6 26. Nxc5 bxc5 27. Rd3 Rab8
28. Qd2 Ra8 29. Rd5 Rdc8 30. Rd1 h6 31. Qe3 1-0

[Event "4NCL/Div1/BET vs. WES1"]
[Site "West Bromwich ENG"]
[Date "2004.09.18"]
[Round "1.1"]
[White "Ledger, Andrew J"]
[Black "Corkett, Anthony R"]
[Result "0-1"]
[WhiteElo "2452"]
[BlackElo "2310"]
[PlyCount "100"]
[EventDate "2004.09.18"]
[SourceDate "2004.09.21"]

1. e4 c5 2. c3 d5 3. exd5 Qxd5 4. d4 Nf6 5. Nf3 Bg4 6. Be2 e6 7. h3 Bh5 8. O-O
cxd4 9. cxd4 Nc6 10. Nc3 Qd6 11. Be3 Be7 12. Qb3 O-O 13. a3 Rfd8 14. Rfd1 Rac8
15. Rac1 Qb8 16. d5 exd5 17. Nxd5 Nxd5 18. Rxd5 Rxd5 19. Qxd5 Bg6 20. b4 Rd8
21. Qc4 h6 22. b5 Na5 23. Qc3 b6 24. Bd4 Bf8 25. Be5 Qa8 26. Nh4 Be4 27. Qg3
Rc8 28. Rd1 Rd8 29. Re1 Qd5 30. a4 Re8 31. Bc3 Bh7 32. Rd1 Qg5 33. Bg4 Bc2 34.
Rd7 Bxa4 35. Rxa7 Bxb5 36. Nf5 Nc6 37. Rb7 Ne7 38. Qf3 Nxf5 39. Bxf5 Bc4 40.
Rxb6 Be2 41. Qc6 Qc1+ 42. Kh2 Qf4+ 43. Kg1 Rd8 44. Bd7 Qc1+ 45. Kh2 Qd1 46. Bg4
Bxg4 47. hxg4 Qxg4 48. Be1 Rd1 49. Qe8 Qh5+ 50. Kg1 Qa5 0-1

[Event "4NCL/Div1/BET vs. WES1"]
[Site "West Bromwich ENG"]
[Date "2004.09.18"]
[Round "1.2"]
[White "Webb, Richard M"]
[Black "Hunt, Adam C"]
[Result "0-1"]
[WhiteElo "2309"]
[BlackElo "2434"]
[PlyCount "72"]
[EventDate "2004.09.18"]
[SourceDate "2004.09.21"]

1. e4 c5 2. Nf3 d6 3. Nc3 Nf6 4. e5 dxe5 5. Nxe5 a6 6. a4 Nbd7 7. Nc4 Nb6 8.
Be2 Nxc4 9. Bxc4 e6 10. O-O Bd6 11. d3 Bd7 12. Ne4 Nxe4 13. dxe4 Bc6 14. f3 Qc7
15. h3 h6 16. Qe2 g5 17. Be3 Qe7 18. Rfd1 Rd8 19. Qf2 f6 20. a5 Kf7 21. Rd3 h5
22. Rf1 Kg7 23. f4 Bxe4 24. fxg5 f5 25. Rxd6 Qxd6 26. Bxc5 Qd2 27. Qg3 Kg6 28.
Bxe6 Rhe8 29. Bb3 h4 30. Qf2 Qxf2+ 31. Rxf2 Bc6 32. Kh2 Kxg5 33. c3 Re1 34. Bc2
Rd5 35. b4 Rde5 36. Bd4 R5e2 0-1

[Event "4NCL/Div1/BET vs. WES1"]
[Site "West Bromwich ENG"]
[Date "2004.09.18"]
[Round "1.4"]
[White "Rutter, Nicholas"]
[Black "Eames, Robert G"]
[Result "1/2-1/2"]
[WhiteElo "2140"]
[BlackElo "2309"]
[PlyCount "102"]
[EventDate "2004.09.18"]
[SourceDate "2004.09.21"]

1. e4 c5 2. Nf3 d6 3. d4 cxd4 4. Nxd4 Nf6 5. Nc3 g6 6. Be3 Bg7 7. f3 Nc6 8. Qd2
O-O 9. O-O-O Bd7 10. h4 Rc8 11. Kb1 Ne5 12. h5 Nxh5 13. Rxh5 gxh5 14. Bh6 e6
15. Bxg7 Kxg7 16. f4 Ng4 17. Be2 Qh4 18. Nf3 Qf2 19. Qxd6 Rxc3 20. bxc3 Qxe2
21. Qxd7 Nf6 22. Qd6 Rc8 23. Re1 Qc4 24. Re3 Rc6 25. Qe5 Rc5 26. Qd4 Qf1+ 27.
Re1 Qb5+ 28. Kc1 Rc4 29. Qd3 Qa4 30. e5 Nd5 31. Ng5 Rc7 32. Qxh7+ Kf8 33. Ne4
Qa3+ 34. Kd2 Rxc3 35. Nxc3 Qxc3+ 36. Ke2 Nxf4+ 37. Kf2 Qxc2+ 38. Kf3 Ng6 39.
Re4 Qd1+ 40. Ke3 Qg1+ 41. Kd3 h4 42. Qh6+ Ke8 43. Qd2 Qc5 44. Qc3 Qd5+ 45. Ke3
Kf8 46. Qd4 Qxa2 47. Qd8+ Kg7 48. Qf6+ Kg8 49. Qd8+ Kh7 50. Rxh4+ Nxh4 51.
Qxh4+ Kg8 1/2-1/2

[Event "4NCL/Div1/BET vs. WES1"]
[Site "West Bromwich ENG"]
[Date "2004.09.18"]
[Round "1.5"]
[White "Ledger, David J"]
[Black "Yeo, Michael J"]
[Result "1-0"]
[WhiteElo "2285"]
[BlackElo "2208"]
[PlyCount "97"]
[EventDate "2004.09.18"]
[SourceDate "2004.09.21"]

1. e4 e5 2. Bc4 Nf6 3. d3 Bc5 4. Nf3 Nc6 5. c3 a6 6. Bb3 Ba7 7. O-O O-O 8. Nbd2
d6 9. h3 h6 10. Re1 Nh5 11. Nf1 Qf6 12. Be3 Nf4 13. Bxa7 Rxa7 14. Ne3 Be6 15.
Bc2 Qg6 16. Kh2 Qh5 17. Ng1 Qxd1 18. Raxd1 Ne7 19. g3 Nh5 20. Rd2 g6 21. d4 f5
22. dxe5 dxe5 23. Nd5 Nc6 24. Nxc7 Bxa2 25. b3 fxe4 26. Ne6 Rc8 27. Bd1 b6 28.
Rxa2 Nf6 29. f4 Kf7 30. fxe5 Nxe5 31. Nd4 Rd7 32. Nde2 Rd3 33. Rf1 Ke7 34. Bc2
Re3 35. Kg2 Nd3 36. Rxa6 Nd5 37. Ra7+ Kd6 38. c4 N5b4 39. Bb1 Nc6 40. Rf6+ Kc5
41. Rd7 Ncb4 42. Nf4 Ne1+ 43. Kf2 Rxb3 44. Bxe4 Kxc4 45. Bxg6 Ned3+ 46. Nxd3
Nxd3+ 47. Bxd3+ Rxd3 48. Rxd3 Kxd3 49. Rxb6 1-0

[Event "4NCL/Div1/BET vs. WES1"]
[Site "West Bromwich ENG"]
[Date "2004.09.18"]
[Round "1.6"]
[White "Clark, Ian C"]
[Black "Nelson, Jonathan"]
[Result "1-0"]
[WhiteElo "2111"]
[BlackElo "2282"]
[PlyCount "65"]
[EventDate "2004.09.18"]
[SourceDate "2004.09.21"]

1. e4 e6 2. d4 d5 3. Nc3 Bb4 4. Nge2 dxe4 5. a3 Be7 6. Nxe4 Nf6 7. N2c3 Nc6 8.
Bb5 Bd7 9. O-O O-O 10. Bf4 Be8 11. Be3 Nxe4 12. Nxe4 f5 13. Nc5 Bxc5 14. dxc5
f4 15. Bd2 Qd5 16. Bc3 Qxc5 17. Qg4 Rf7 18. Bd3 e5 19. Bf5 Re7 20. Rad1 Bf7 21.
Rfe1 Rf8 22. Bd7 a5 23. Qh4 e4 24. Bxc6 bxc6 25. Bd4 Qxc2 26. Qxe7 e3 27. fxe3
f3 28. gxf3 Qg6+ 29. Kf2 Bd5 30. e4 Rxf3+ 31. Kxf3 Qh5+ 32. Ke3 Qh3+ 33. Kd2
1-0

[Event "4NCL/Div1/BET vs. WES1"]
[Site "West Bromwich ENG"]
[Date "2004.09.18"]
[Round "1.7"]
[White "Naylor, John"]
[Black "Pye, David E"]
[Result "1-0"]
[WhiteElo "2235"]
[BlackElo "2145"]
[PlyCount "79"]
[EventDate "2004.09.18"]
[SourceDate "2004.09.21"]

1. e4 e6 2. d4 d5 3. Nc3 Nc6 4. Nf3 Nf6 5. e5 Ne4 6. Bd3 Bb4 7. Bd2 Nxd2 8.
Qxd2 f6 9. a3 Be7 10. Qe2 fxe5 11. dxe5 O-O 12. h4 Qe8 13. Ng5 Bxg5 14. hxg5 g6
15. Rh4 Rf7 16. O-O-O Rg7 17. Rdh1 Ne7 18. f4 c6 19. Nd1 Nf5 20. R4h3 c5 21. c3
Qa4 22. g3 Bd7 23. Qh2 Kf7 24. Rxh7 Rag8 25. Rxg7+ Rxg7 26. Qh8 Nxg3 27. Bxg6+
Kxg6 28. Rh6+ Kf5 29. Rf6+ Ke4 30. Qxg7 Bb5 31. Qh7+ Kf3 32. Qc2 Ne2+ 33. Kb1
Qa6 34. Qd2 Bd3+ 35. Ka1 d4 36. Rh6 Bf5 37. Rh2 Ng3 38. Qg2+ Kxf4 39. Rh4+ Bg4
40. Qf2+ 1-0

[Event "4NCL/Div1/BET vs. WES1"]
[Site "West Bromwich ENG"]
[Date "2004.09.18"]
[Round "1.8"]
[White "Evans-Quek, Debbie"]
[Black "Lyell, Meri"]
[Result "0-1"]
[WhiteElo "2013"]
[BlackElo "2003"]
[PlyCount "96"]
[EventDate "2004.09.18"]
[SourceDate "2004.09.21"]

1. e4 d5 2. exd5 Qxd5 3. Nc3 Qd6 4. d4 a6 5. Be2 Nf6 6. Nf3 Nbd7 7. Bg5 b5 8.
a3 Bb7 9. Qd3 g6 10. Rd1 Bg7 11. Qe3 O-O 12. h3 Rfe8 13. O-O Nd5 14. Nxd5 Bxd5
15. Bh6 Bh8 16. Ne5 Nxe5 17. dxe5 Bxe5 18. c4 bxc4 19. Bxc4 c6 20. b4 e6 21. f4
Bf6 22. Qd3 Qc7 23. Kh1 Red8 24. Qc2 a5 25. Bxd5 exd5 26. f5 Be5 27. h4 axb4
28. axb4 Ra3 29. Rd3 Rda8 30. Rxa3 Rxa3 31. fxg6 hxg6 32. b5 Rc3 33. Qf2 Rc4
34. b6 Qd7 35. Re1 Re4 36. Rb1 Qd6 37. b7 Qb8 38. h5 Bg3 39. Qf6 Rh4+ 40. Kg1
Qa7+ 41. Kf1 Qa6+ 42. Kg1 Qa7+ 43. Kf1 Rh1+ 44. Ke2 Qa2+ 45. Rb2 Qc4+ 46. Kf3
Qd3+ 47. Kg4 gxh5+ 48. Kg5 Qe3+ 0-1

[Event "4NCL/Div1/3CS1 vs. WES1"]
[Site "West Bromwich ENG"]
[Date "2004.09.19"]
[Round "2.1"]
[White "Davies, Nigel R"]
[Black "Webb, Richard M"]
[Result "1/2-1/2"]
[WhiteElo "2523"]
[BlackElo "2309"]
[PlyCount "90"]
[EventDate "2004.09.19"]
[SourceDate "2004.09.21"]

1. d4 Nf6 2. Bg5 e6 3. e3 c5 4. Nd2 b6 5. Ngf3 Bb7 6. Bd3 Be7 7. O-O cxd4 8.
exd4 O-O 9. Re1 Nc6 10. c3 d6 11. Nf1 Nd5 12. Bd2 Bf6 13. Ng3 g6 14. Ne4 Bg7
15. Bf1 Nc7 16. h4 h6 17. Qc1 Kh7 18. h5 g5 19. Nexg5+ hxg5 20. Nxg5+ Kh8 21.
Qc2 f5 22. Nxe6 Nxe6 23. Rxe6 Rc8 24. Bh6 Rc7 25. Qd2 Bc8 26. Rg6 Bxh6 27.
Rxh6+ Rh7 28. Qf4 Rf6 29. Rxh7+ Kxh7 30. Re1 Qf8 31. Bb5 Ne7 32. Qg5 Re6 33.
Rxe6 Bxe6 34. a3 Qg7 35. Qh4 Bd5 36. Bf1 Qf7 37. c4 Be6 38. d5 Bd7 39. Qf4 Qf6
40. g4 Qh6 41. g5 Qxh5 42. Qxd6 Qxg5+ 43. Bg2 Qc1+ 44. Bf1 Qg5+ 45. Bg2 Qc1+
1/2-1/2

[Event "4NCL/Div1/3CS1 vs. WES1"]
[Site "West Bromwich ENG"]
[Date "2004.09.19"]
[Round "2.2"]
[White "Allicock, Rawle A"]
[Black "Gordon, Stephen J"]
[Result "1/2-1/2"]
[WhiteElo "2292"]
[BlackElo "2338"]
[PlyCount "65"]
[EventDate "2004.09.19"]
[SourceDate "2004.09.21"]

1. d4 Nf6 2. c4 e6 3. Nf3 b6 4. a3 Ba6 5. Qc2 Bb7 6. Nc3 c5 7. e4 cxd4 8. Nxd4
Bc5 9. Nb3 Nc6 10. Bd3 O-O 11. Bg5 h6 12. Bh4 Nd4 13. Nxd4 Bxd4 14. Ne2 Be5 15.
f4 Bc7 16. O-O-O g5 17. Bg3 Nh5 18. Qd2 gxf4 19. Nxf4 Nxf4 20. Bxf4 Bxf4 21.
Qxf4 Qg5 22. Rhf1 Rac8 23. Kb1 Qxf4 24. Rxf4 Rc5 25. b4 Rg5 26. g3 d5 27. exd5
exd5 28. cxd5 Bxd5 29. Bc4 Bxc4 30. Rxc4 Re8 31. Rd7 a5 32. Rf4 Re2 33. Rdxf7
1/2-1/2

[Event "4NCL/Div1/3CS1 vs. WES1"]
[Site "West Bromwich ENG"]
[Date "2004.09.19"]
[Round "2.3"]
[White "Ashton, Adam G"]
[Black "Corkett, Anthony R"]
[Result "1/2-1/2"]
[WhiteElo "2270"]
[BlackElo "2310"]
[PlyCount "55"]
[EventDate "2004.09.19"]
[SourceDate "2004.09.21"]

1. e4 c5 2. Nf3 Nc6 3. Bb5 Na5 4. O-O a6 5. Be2 d6 6. d4 cxd4 7. Nxd4 Nf6 8.
Nc3 g6 9. Bg5 Bg7 10. Qd2 O-O 11. Rad1 Bd7 12. Bxf6 Bxf6 13. Nd5 Bg7 14. Nxe7+
Qxe7 15. Qxa5 Rac8 16. c3 Qxe4 17. Bf3 Qe5 18. Qb6 Rb8 19. Rfe1 Qc5 20. Qxc5
dxc5 21. Nb3 Ba4 22. Rd6 Bxb3 23. axb3 b5 {(=)} 24. Rxa6 b4 25. cxb4 Rxb4 26.
Bd5 Rd4 27. Bc4 Rd2 28. Kf1 1/2-1/2

[Event "4NCL/Div1/3CS1 vs. WES1"]
[Site "West Bromwich ENG"]
[Date "2004.09.19"]
[Round "2.4"]
[White "Rutter, Nicholas"]
[Black "Longson, Alexander"]
[Result "1-0"]
[WhiteElo "2140"]
[BlackElo "2264"]
[PlyCount "61"]
[EventDate "2004.09.19"]
[SourceDate "2004.09.21"]

1. e4 c5 2. Nf3 Nc6 3. d4 cxd4 4. Nxd4 Qb6 5. Nb3 Nf6 6. Nc3 e6 7. Bd3 Be7 8.
O-O d6 9. Be3 Qc7 10. f4 a6 11. a4 b6 12. Qe2 O-O 13. Rad1 Bb7 14. Kh1 Nb4 15.
Nd4 Rac8 16. Rf3 d5 17. e5 Ne4 18. Bxe4 dxe4 19. Rg3 Rfd8 20. Bg1 Bc5 21. Nxe4
Bxd4 22. Nf6+ Kf8 23. Nxh7+ Ke7 24. Bxd4 Qxc2 25. Qh5 Qf5 26. Qh4+ Ke8 27. h3
Qc2 28. Qh5 Nc6 29. Rxg7 Qxd1+ 30. Qxd1 Nxd4 31. Qh5 1-0

[Event "4NCL/Div1/3CS1 vs. WES1"]
[Site "West Bromwich ENG"]
[Date "2004.09.19"]
[Round "2.5"]
[White "Bentley, John L"]
[Black "Yeo, Michael J"]
[Result "1/2-1/2"]
[WhiteElo "2216"]
[BlackElo "2208"]
[PlyCount "83"]
[EventDate "2004.09.19"]
[SourceDate "2004.09.21"]

1. d4 d5 2. Nf3 Nc6 3. Bf4 Bg4 4. e3 e6 5. Be2 Bd6 6. Bg3 Nf6 7. Nbd2 O-O 8.
O-O Bxg3 9. hxg3 Re8 10. c4 Qe7 11. cxd5 exd5 12. Bb5 Rad8 13. Bxc6 bxc6 14.
Qa4 Ne4 15. Nxe4 Qxe4 16. Qxc6 Bxf3 17. gxf3 Qxf3 18. Qxc7 g5 19. Rac1 Kg7 20.
Qc2 Rd6 21. Qd1 Qe4 22. Qh5 Rg6 23. Qh1 Qe6 24. Rc5 Rd8 25. Rfc1 h5 26. Qg2 h4
27. b4 Rh8 28. g4 h3 29. Qxd5 Qxg4+ 30. Kh2 Re8 31. Rg1 Qe2 32. Qf5 Rxe3 33.
Rc2 Qf3 34. Qxf3 Rxf3 35. Rg3 Rxg3 36. Kxg3 g4 37. d5 f5 38. Rc4 Rh6 39. Kh2
Rd6 40. f3 gxf3 41. Kxh3 Kf6 42. Kg3 1/2-1/2

[Event "4NCL/Div1/3CS1 vs. WES1"]
[Site "West Bromwich ENG"]
[Date "2004.09.19"]
[Round "2.6"]
[White "Clark, Ian C"]
[Black "Walton, Alan J"]
[Result "1-0"]
[WhiteElo "2111"]
[BlackElo "2208"]
[PlyCount "134"]
[EventDate "2004.09.19"]
[SourceDate "2004.09.21"]

1. e4 e6 2. d4 d5 3. Nc3 Nf6 4. Bg5 Be7 5. e5 Nfd7 6. Bxe7 Qxe7 7. f4 O-O 8.
Nf3 c5 9. Bd3 f6 10. exf6 Qxf6 11. g3 cxd4 12. Nb5 e5 13. Nc7 e4 14. O-O exd3
15. Qxd3 Qd6 16. Nxa8 Nc5 17. Qa3 Nba6 18. Nxd4 Bh3 19. Rfe1 Rxa8 20. Re5 Rd8
21. Rae1 Ne4 22. Qxd6 Rxd6 23. Nb5 Rd7 24. Rd1 Nf6 25. Nxa7 Rc7 26. c3 Bd7 27.
Rexd5 Nxd5 28. Rxd5 Be6 29. Re5 Bxa2 30. Nb5 Rd7 31. Nd4 Nb4 32. Ra5 Bb1 33.
Nf3 Rd1+ 34. Kf2 Nd3+ 35. Ke2 Nxb2 36. Ra8+ Kf7 37. Ne5+ Ke6 38. g4 Bd3+ 39.
Kf2 Ba6 40. Re8+ Kd6 41. Rd8+ Kc5 42. Rc8+ Kb6 43. Rg8 Rf1+ 44. Kg3 g6 45. Rg7
Nd1 46. Rxh7 Nxc3 47. Nxg6 Ne4+ 48. Kg2 Rf2+ 49. Kg1 Rf1+ 50. Kg2 Nf6 51. Rh4
Rb1 52. f5 Rb2+ 53. Kg3 Rb3+ 54. Kf4 Kc5 55. Ke5 Rb6 {(=)} 56. Nf8 Nxg4+ 57.
Rxg4 Rb2 58. h4 Re2+ 59. Kf6 Kd5 60. Ne6 Rh2 61. Nc7+ Kd6 62. Nxa6 bxa6 63. Ra4
Kd7 64. Kf7 a5 65. Rd4+ Kc6 66. f6 Kc5 67. Rg4 Re2 1-0

[Event "4NCL/Div1/3CS1 vs. WES1"]
[Site "West Bromwich ENG"]
[Date "2004.09.19"]
[Round "2.7"]
[White "James, Dale R"]
[Black "Pye, David E"]
[Result "1-0"]
[WhiteElo "2199"]
[BlackElo "2145"]
[PlyCount "77"]
[EventDate "2004.09.19"]
[SourceDate "2004.09.21"]

1. e4 Nc6 2. d4 d5 3. exd5 Qxd5 4. Nf3 e5 5. dxe5 Qxd1+ 6. Kxd1 Bg4 7. Bf4 Bc5
8. Ke1 Bxf3 9. gxf3 Nge7 10. Nc3 O-O-O 11. Bd3 Ng6 12. Be3 Bxe3 13. fxe3 Ncxe5
14. Be2 Rhe8 15. Rd1 Rxd1+ 16. Nxd1 f5 17. f4 Nd7 18. Rg1 Nf6 19. Rg5 Nd5 20.
Kd2 Nde7 21. Bd3 Rf8 22. Nc3 Kd7 23. Ne2 h6 24. Rh5 c5 25. Ng3 Ke6 26. Bc4+ Kd6
27. Bd3 Ke6 28. Ke2 Rf6 29. Kf3 b6 30. Bc4+ Kd7 31. Bb5+ Ke6 32. Bf1 Nh8 33. e4
g6 34. Rxh6 Nf7 35. exf5+ Nxf5 36. Nxf5 Nxh6 37. Nxh6 g5 38. Bh3+ Kd5 39. Nf5
1-0